|
|
|
|
| LEADER |
00000nab a2200000 a 4500 |
| 001 |
vtls000224268 |
| 003 |
SK-MaSNL |
| 005 |
20260302212415.0 |
| 008 |
140402c1985 xo 0 slo |
| 015 |
|
|
|a SNBRB19rr/mm-uuuuu
|
| 035 |
|
|
|a CL0234382
|
| 040 |
|
|
|a SNKBUCL
|b slo
|c SNKBUCL
|e AACR2
|
| 041 |
0 |
|
|a slo
|
| 044 |
|
|
|a xo
|c SK
|
| 080 |
|
|
|a 885.4-5
|2 1981
|
| 100 |
1 |
|
|a Tešovičová, Anita,
|d 1940-
|4 aut
|9 92402
|
| 245 |
1 |
0 |
|a Čo vás podnecuje k antifašistickej a mierovo angažovanej tvorivej činnosti
|b na otázku redakcie odpovedá Anita Tešovičová, redaktorka Československého rozhlasu v Bratislave
|
| 600 |
1 |
7 |
|a Tešovičová, Anita,
|d 1940-
|2 snkbucl
|9 92402
|
| 655 |
|
7 |
|a články z novín a časopisov
|2 snkbucl
|9 267496
|
| 655 |
|
7 |
|a články z odboru literárna veda a krásna literatúra
|2 snkbucl
|9 770045
|
| 773 |
0 |
|
|t Bojovník
|g Roč. 30, č. 26 (1985), s. 9
|
| 850 |
|
|
|a Slovenská národná knižnica v Martine
|a MTA001
|
| 852 |
|
|
|a SNK
|b KIS3GCP
|
| 958 |
|
|
|a RK
|
| 958 |
|
|
|a LX
|
| 992 |
|
|
|a RBX
|
| 999 |
|
|
|c 1489113
|d 1491043
|